Censo de edificios de 1980 (Record no. 68991)

MARC details
000 -LEADER
campo de control de longitud fija 00761nam a2200169 i 4500
001 - NÚMERO DE CONTROL
campo de control 68991
003 - IDENTIFICADOR DE NÚMERO DE CONTROL
campo de control ES-MaACL
005 - FECHA Y HORA DE LA ÚLTIMA TRANSACCIÓN
campo de control 20230906170416.0
007 - CAMPO FIJO DE DESCRIPCIÓN FÍSICA--INFORMACIÓN GENERAL
campo de control de longitud fija t|
008 - DATOS DE LONGITUD FIJA--INFORMACIÓN GENERAL
campo de control de longitud fija 040824s1983 sp ||||1| spa d
110 2# - ENTRADA PRINCIPAL--NOMBRE DE ENTIDAD CORPORATIVA
Nombre de entidad corporativa o nombre de jurisdicción como elemento de entrada Instituto Nacional de Estadística (España)
9 (RLIN) 5162
245 10 - MENCIÓN DEL TÍTULO
Título Censo de edificios de 1980
Resto del título : . Tomo II : resultados de las comunidades autónomas /
Mención de responsabilidad, etc. Instituto Nacional de Estadística.
260 ## - PUBLICACIÓN, DISTRIBUCIÓN, ETC.
Lugar de publicación, distribución, etc. Madrid :
Nombre del editor, distribuidor, etc. INE (
Lugar de fabricación/manufactura 1983)
300 ## - DESCRIPCIÓN FÍSICA
Extensión 12 v. ;
Dimensiones 29 cm.
505 8# - NOTA DE CONTENIDO CON FORMATO
Nota de contenido con formato Contiene: I. Aragón -- II. Andalucía -- III. Principado de Asturias -- IV. Baleares -- V. Canarias -- VI. Cantabria -- VII. Castilla-La Mancha -- VIII. Cataluña -- IX. Madrid -- X. La Rioja -- XI. Comunidad Valenciana -- XII. País Vasco
852 ## - LOCALIZACIÓN
Ubicación ES-MaACL
Número de control de estantería L-5762
Holdings
Estatus retirado Estado de pérdida Estado de daño No para préstamo Biblioteca de origen Biblioteca actual Ubicación en estantería Fecha de adquisición Fuente de adquisición Total de préstamos Signatura topográfica completa Código de barras Visto por última vez Precio de reemplazo Tipo de ítem Koha
        Biblioteca del Ateneo de Madrid Biblioteca del Ateneo de Madrid Depósito 2 17/01/2008     L-5762 1072244 23/02/2023 23/02/2023 Libro impreso